[Event "Australian op"]
[Site "Cammeray"]
[Date "2013.01.12"]
[Round "10"]
[White "Papantoniou, John"]
[Black "Mortensen, Henrik"]
[Result "1-0"]
[WhiteElo "2058"]
[BlackElo "1962"]
[PlyCount "49"]
[EventDate "2013.01.02"]
[EventType "swiss"]
[EventRounds "11"]
[EventCountry "AUS"]
[SourceTitle "CBM 152 Extra"]
[Source "ChessBase"]
[SourceDate "2013.02.25"]
[SourceVersion "1"]
[SourceVersionDate "2013.02.25"]
[SourceQuality "1"]

1. e4 d5 2. Nc3 dxe4 3. Nxe4 Nf6 4. Nxf6+ gxf6 5. d4 c6 6. Nf3 Bf5 7. Bd3 Bxd3 8. Qxd3 e6 9. Bf4 Bd6 10. Bg3 Na6 11. a3 Qd7 12. 0-0 Nc7 13. c4 h5 14. Qe3 Bxg3 15. hxg3 Rg8 16. Qh6 Rg6 17. Qh8+ Ke7 18. Qxh5 Rag8 19. Qc5+ Qd6 20. Qxa7 Rh6 21. Qxb7 Rgh8 22. Nh4 Rxh4 23. gxh4 Qf4 24. g3 Rg8 25. Kh2 1-0

[Event "Australian op"]
[Site "Cammeray"]
[Date "2013.01.04"]
[Round "3"]
[White "Papantoniou, John"]
[Black "Stojic, Dusan"]
[Result "0-1"]
[WhiteElo "2058"]
[BlackElo "2235"]
[PlyCount "120"]
[EventDate "2013.01.02"]
[EventType "swiss"]
[EventRounds "11"]
[EventCountry "AUS"]
[SourceTitle "CBM 152 Extra"]
[Source "ChessBase"]
[SourceDate "2013.02.25"]
[SourceVersion "1"]
[SourceVersionDate "2013.02.25"]
[SourceQuality "1"]

1. c4 Nf6 2. g3 c5 3. Bg2 d5 4. cxd5 Nxd5 5. Nc3 Nc7 6. Nf3 Nc6 7. 0-0 e5 8. Ne1 Be7 9. Nd3 f6 10. f4 c4 11. Nf2 exf4 12. gxf4 Be6 13. Qa4 Qd7 14. b3 cxb3 15. axb3 0-0 16. e3 a6 17. d4 b5 18. Qa2 Nb4 19. Qb2 Rad8 20. Rd1 f5 21. Na2 Bd5 22. Nd3 Nxd3 23. Rxd3 Rf6 24. Rd2 Rg6 25. Nc3 Ba8 26. Rf2 b4 27. Na4 Qe6 28. Rb1 Be4 29. Kh1 Rd6 30. Nc5 Bxg2+ 31. Rxg2 Qd5 32. Qe2 Rg4 33. Qc4 Rxg2 34. Qxd5+ Rxd5 35. Kxg2 Bxc5 36. dxc5 Rxc5 37. Bb2 Rc2+ 38. Kg3 Ne6 39. Be5 Nc5 40. Ra1 h6 41. h4 g6 42. Kh3 Kf7 43. Bd6 Nxb3 44. Rxa6 Nd2 45. Ra1 b3 46. Be5 b2 47. Bxb2 Rxb2 48. h5 g5 49. Ra7+ Ke6 50. Ra6+ Kd5 51. Ra5+ Ke4 52. Ra4+ Kf3 53. fxg5 f4 54. gxh6 Rb1 55. Kh4 Ne4 56. Rxe4 Kxe4 57. h7 Rb8 58. Kg5 fxe3 59. Kg6 e2 60. Kg7 e1Q 0-1

[Event "Parramatta NSW op"]
[Site "Parramatta"]
[Date "2011.06.12"]
[Round "5"]
[White "Papantoniou, John"]
[Black "Ikeda, Junta"]
[Result "0-1"]
[WhiteElo "2048"]
[BlackElo "2315"]
[PlyCount "78"]
[EventDate "2011.06.11"]
[EventType "swiss"]
[EventRounds "7"]
[EventCountry "AUS"]
[SourceTitle "CBM 142 Extra"]
[Source "ChessBase"]
[SourceDate "2011.06.27"]
[SourceVersion "1"]
[SourceVersionDate "2011.06.27"]
[SourceQuality "1"]

1. c4 c5 2. Nf3 Nf6 3. Nc3 e6 4. e3 d5 5. d4 Nc6 6. cxd5 exd5 7. Bb5 a6 8. Bxc6+ bxc6 9. Ne5 Qc7 10. Qa4 Bb7 11. 0-0 Bd6 12. f4 0-0 13. Bd2 Rac8 14. a3 Qb6 15. Rab1 Rfe8 16. Kh1 Re7 17. Rfe1 Ra8 18. Qc2 Qc7 19. b4 c4 20. Rf1 Bc8 21. h3 Nh5 22. Rf3 g6 23. g4 Nf6 24. Be1 Ne8 25. Bg3 f6 26. Rbf1 Rg7 27. Qf2 Kh8 28. e4 dxe4 29. Nxe4 Be6 30. Nc3 fxe5 31. dxe5 Qf7 32. f5 gxf5 33. gxf5 Bd5 34. Nxd5 Qxd5 35. exd6 Nf6 36. Kh2 Re8 37. Qc5 Re2+ 38. R3f2 Qf3 39. Rg1 Rxg3 0-1

[Event "AUS-ch U18"]
[Site "Sandy Bay"]
[Date "2010.01.25"]
[Round "11"]
[White "Papantoniou, John"]
[Black "Cameron, Alistair"]
[Result "1-0"]
[WhiteElo "1777"]
[BlackElo "1706"]
[PlyCount "57"]
[EventDate "2010.01.14"]
[EventType "swiss"]
[EventRounds "11"]
[EventCountry "AUS"]
[SourceTitle "EXT 2011"]
[Source "ChessBase"]
[SourceDate "2010.11.26"]
[SourceVersion "1"]
[SourceVersionDate "2010.11.26"]
[SourceQuality "1"]

1. Nf3 Nf6 2. c4 g6 3. Nc3 d5 4. d4 Bg7 5. Bf4 c5 6. e3 Nc6 7. Nb5 0-0 8. Be2 Bf5 9. 0-0 a6 10. Nc3 dxc4 11. Bxc4 b5 12. Be2 cxd4 13. Nxd4 Nxd4 14. exd4 Nd5 15. Bg3 Rc8 16. Qd2 Qa5 17. Rfc1 Rfd8 18. Qe1 Bxd4 19. Nxd5 Qxe1+ 20. Rxe1 Rxd5 21. Rad1 Bc2 22. Bf3 Rdd8 23. Rd2 Bxb2 24. Rxd8+ Rxd8 25. Rxe7 Bf6 26. Ra7 Ba4 27. Rxa6 Rd2 28. Rxf6 Rxa2 29. h3 1-0

[Event "AUS-ch U18"]
[Site "Sandy Bay"]
[Date "2010.01.23"]
[Round "9"]
[White "Papantoniou, John"]
[Black "Morris, James"]
[Result "0-1"]
[WhiteElo "1777"]
[BlackElo "2196"]
[PlyCount "66"]
[EventDate "2010.01.14"]
[EventType "swiss"]
[EventRounds "11"]
[EventCountry "AUS"]
[SourceTitle "EXT 2011"]
[Source "ChessBase"]
[SourceDate "2010.11.26"]
[SourceVersion "1"]
[SourceVersionDate "2010.11.26"]
[SourceQuality "1"]

1. e4 e6 2. d4 d5 3. e5 c5 4. c3 Nc6 5. Nf3 Bd7 6. Be2 f6 7. exf6 Nxf6 8. 0-0 Bd6 9. Be3 cxd4 10. cxd4 0-0 11. h3 e5 12. dxe5 Nxe5 13. Nxe5 Bxe5 14. Bd4 Bd6 15. Nc3 Bc6 16. Bf3 Ne4 17. Re1 Qh4 18. Nxe4 dxe4 19. Bg4 Rad8 20. Qb3+ Kh8 21. Qc3 h5 22. Bxg7+ Kh7 23. g3 Qg5 24. Bxf8 Rxf8 25. Be6 Rf3 26. Re3 Bxg3 27. Rxf3 exf3 28. Qc2+ Kh6 29. fxg3 Qxg3+ 30. Kf1 Bb5+ 31. Bc4 Bxc4+ 32. Qxc4 Qg2+ 33. Ke1 f2+ 0-1

[Event "AUS-ch Major"]
[Site "Cammeray"]
[Date "2010.01.06"]
[Round "4"]
[White "Jones, Brian"]
[Black "Papantoniou, John"]
[Result "1/2-1/2"]
[WhiteElo "1981"]
[BlackElo "1777"]
[PlyCount "118"]
[EventDate "2010.01.02"]
[EventType "swiss"]
[EventRounds "11"]
[EventCountry "AUS"]
[SourceTitle "EXT 2011"]
[Source "ChessBase"]
[SourceDate "2010.11.26"]
[SourceVersion "1"]
[SourceVersionDate "2010.11.26"]
[SourceQuality "1"]

1. d4 e6 2. Nf3 Nf6 3. c4 b6 4. g3 Ba6 5. b3 b5 6. cxb5 Bxb5 7. Bg2 d5 8. 0-0 Be7 9. Nc3 Ba6 10. b4 0-0 11. Rb1 Nbd7 12. Re1 Rb8 13. a3 Bb7 14. Qd3 Ne4 15. Nd2 Ba6 16. Qc2 Nxc3 17. Qxc3 Bb5 18. e3 Bf6 19. Bb2 Nb6 20. Ba1 Nc4 21. Nxc4 Bxc4 22. Bf1 Bxf1 23. Rxf1 Qd6 24. Rbc1 Rfc8 25. Rc2 Rb5 26. Qd3 Qb6 27. Rfc1 c6 28. Rc5 Rxc5 29. dxc5 Qb5 30. Qxb5 cxb5 31. Bxf6 gxf6 32. a4 bxa4 33. Ra1 Kf8 34. Rxa4 Rc7 35. Kf1 Ke8 36. Ke2 Kd7 37. Kd3 Kc6 38. Kc3 Kb7 39. Kb3 Rc8 40. Ra2 a6 41. Kc3 e5 42. f4 Rf8 43. fxe5 fxe5 44. Rf2 f5 45. g4 d4+ 46. exd4 exd4+ 47. Kxd4 Rd8+ 48. Kc4 fxg4 49. Rf7+ Kb8 50. Rxh7 Rg8 51. c6 Rg5 52. Rd7 g3 53. hxg3 Rxg3 54. Kc5 Rb3 55. Rb7+ Ka8 56. Rb6 Ka7 57. Rb7+ Ka8 58. Re7 Kb8 59. Rb7+ Ka8 1/2-1/2

[Event "AUS-ch U18"]
[Site "Canberra"]
[Date "2007.01.19"]
[Round "5"]
[White "Grigg, Sam"]
[Black "Papantoniou, John"]
[Result "0-1"]
[WhiteElo "1626"]
[BlackElo "1320"]
[PlyCount "126"]
[EventDate "2007.01.14"]
[EventType "swiss"]
[EventRounds "11"]
[EventCountry "AUS"]
[SourceTitle "EXT 2008"]
[Source "ChessBase"]
[SourceDate "2007.11.25"]
[SourceVersion "1"]
[SourceVersionDate "2007.11.25"]
[SourceQuality "1"]

1. c4 e5 2. g3 Nf6 3. Bg2 d5 4. cxd5 Nxd5 5. Nc3 Be6 6. d3 Nc6 7. Bd2 Qd7 8. a3 0-0-0 9. Nf3 f6 10. b4 Bh3 11. Bxh3 Qxh3 12. Nxd5 Rxd5 13. Qb3 Qd7 14. b5 Nd4 15. Nxd4 Rxd4 16. Be3 Qd5 17. Qxd5 Rxd5 18. a4 Bc5 19. Bxc5 Rxc5 20. Kd2 Rd8 21. e4 c6 22. Rhc1 Rxc1 23. Rxc1 Rd6 24. f4 Kd7 25. Rc5 b6 26. Rc1 c5 27. a5 Ke6 28. axb6 axb6 29. Ra1 exf4 30. gxf4 c4 31. Ra7 Rxd3+ 32. Ke2 Rd7 33. Ra6 Rb7 34. Ra8 Kd6 35. Rd8+ Kc5 36. Kd2 Kxb5 37. Kc3 Rc7 38. Rd5+ Ka6 39. e5 fxe5 40. fxe5 b5 41. e6 Re7 42. Rd6+ Kb7 43. Kb4 Rc7 44. Rd1 Kc6 45. Rd2 Re7 46. Re2 h6 47. Re5 g5 48. Rc5+ Kd6 49. Rxb5 Rxe6 50. Kxc4 Ke7 51. Kd3 Kf6 52. Rb4 Kf5 53. Rd4 h5 54. Rg4 Re5 55. Rb4 g4 56. Ra4 Kg5 57. Kd2 h4 58. Ra8 g3 59. h3 Kf4 60. Ra4+ Kf3 61. Ra3+ Kg2 62. Ra1 Kxh3 63. Rh1+ Kg4 0-1